The wounded season

Enregistré dans:
Détails bibliographiques
Format: Livre
Langue:Undetermined
Publié: Honolulu Hawaii Univ 1999
Sujets:
Tags: Ajouter un tag
Pas de tags, Soyez le premier à ajouter un tag!
Thư viện lưu trữ: Trung tâm Học liệu Trường Đại học Cần Thơ
LEADER 00415nam a2200157Ia 4500
001 CTU_35291
008 210402s9999 xx 000 0 und d
082 |a 808.8 
082 |b W938 
245 4 |a The wounded season 
260 |a Honolulu 
260 |b Hawaii Univ 
260 |c 1999 
650 |a collections 
904 |i Nguyễn Quang Điền, 000229 
980 |a Trung tâm Học liệu Trường Đại học Cần Thơ